00326nam a2200145Ia 4500001000400000003003000004005001700034008004100051100001400092245002100106260000900127260001500136260000900151500002000160772NUMERAZIONE-ORIGINALE-BRESCIA20260206230754.0260206s9999 xx 000 0 und d aO. Rachid 0aCicciolata calda aRoma bPlayground c2005 aMadrelingua gay